Leaving ADDIE for SAM : an agile model for developing the best learning experiences (Record no. 11808)

000 -LEADER
fixed length control field 00418nam a22001457a 4500
020 ## - INTERNATIONAL STANDARD BOOK NUMBER
International Standard Book Number 9781562867119
082 ## - DEWEY DECIMAL CLASSIFICATION NUMBER
Classification number 371.3 ALL
100 ## - MAIN ENTRY--PERSONAL NAME
Personal name Allen, Michael W.
245 ## - TITLE STATEMENT
Title Leaving ADDIE for SAM : an agile model for developing the best learning experiences
260 ## - PUBLICATION, DISTRIBUTION, ETC.
Place of publication, distribution, etc. USA
Name of publisher, distributor, etc. ASTD Press
Date of publication, distribution, etc. 2012
300 ## - PHYSICAL DESCRIPTION
Extent xiii, 202p. :
Accompanying material 22 cm
650 ## - SUBJECT ADDED ENTRY--TOPICAL TERM
Topical term or geographic name entry element Instructional systems -- Design
700 ## - ADDED ENTRY--PERSONAL NAME
Personal name Michael W. Allen
942 ## - ADDED ENTRY ELEMENTS (KOHA)
Koha item type Book
Holdings
Withdrawn status Lost status Damaged status Not for loan Collection code Permanent Location Current Location Shelving location Date acquired Source of acquisition Cost, normal purchase price Total Checkouts Total Renewals Full call number Barcode Date last seen Date last checked out Price effective from Koha item type
          Central Library (CL) Central Library (CL) General Stacks 04/22/2013 Progressive International Agencies 3945.44 1 1 371.3 ALL SEECS012307 05/30/2016 03/29/2015 04/23/2013 Book
© 2023 Central Library, National University of Sciences and Technology. All Rights Reserved.